000 01038nam a2200229 a 4500
001 1307535
003 AM-YEHGA
005 20260418135005.0
008 180302s1923 ru |||||r|||| 000|0|rus|d
040 _aAM-YeHGA
041 0 _arus
100 1 _aМаркс, Карл,
_d1818-1883
245 1 0 _aКоммунистический манифест /
_cК. Маркс и Ф. Энгельс ; Введ. и пояснения Д. Рязанова ; Ин-т К. Маркса и Ф. Энгельса.
250 _a2-е изд., доп.
260 _aМосква ;
_aПетроград :
_bГосиздат,
_c1923.
300 _a379 с. :
_b2 л. портр., факс.
_c15 см.
490 _aБиблиотека научного социализма/ Ин-т К. Маркса и Ф. Энгельса
650 1 4 _aКоммунистический манифест
830 _aБиблиотека научного социализма/ Ин-т К. Маркса и Ф. Энгельса
942 _2udc
_cBK
998 _cNLAICASPRAM
999 _c541323
_d541323